000 01015pam a2200277 a 4500
999 _c20822
_d20822
001 2977663
005 20170120142610.0
008 920618s1992 caua 000 0 eng
010 _a 92024027
020 _a0913327379 :
_c$24.95
040 _aDLC
_cDLC
_dDLC
043 _aa-ja---
_an-us---
050 0 0 _aNK9198
_b.S8A4 1992
100 1 _aSudō, Kumiko.
245 1 0 _aEast quilts West/
_cby Kumiko Sudo.
260 _aGualala, Calif. :
_bQuilt Digest Press,
_cc1992.
300 _a198 p. :
_bill. (some col.) ;
_c28 cm.
600 1 0 _aSudō, Kumiko
_xThemes, motives.
650 0 _aQuilts
_zJapan
_xHistory
_y20th century.
650 0 _aQuilts
_zUnited States
_xHistory
_y20th century.
942 _2lcc
_cBOOKS
_hNK9198 .S8A4 1992